Trendy v oblasti vodcovstva a rozhodovania

Spracovanie poznatkov v oblasti súčasných trendov vodcovstva, vedenia ľudí a rozhodovania manažérov. Úzka prepojenosť oblasti vodcovstva a manažérskeho rozhodovania. Dôležitosť a strategická nevyhnutnosť týchto aktivít v súčasnej dobe efektívneho riadenia tímov a podniku ako celku.

Saved in:
Bibliographic Details
Main Author: Procházková, Katarína, 1983-
Other Authors: Remeňová, Katarína, 1982-
Format: Book Chapter
Language:Slovak
Subjects:
Tags: Add Tag
No Tags, Be the first to tag this record!

MARC

LEADER 00000nla a2200000 4500
001 0239220
005 20240502083642.3
041 0 |a slo 
044 |a CZ 
245 1 0 |a Trendy v oblasti vodcovstva a rozhodovania  |c Katarína Procházková, Katarína Remeňová 
520 |a Spracovanie poznatkov v oblasti súčasných trendov vodcovstva, vedenia ľudí a rozhodovania manažérov. Úzka prepojenosť oblasti vodcovstva a manažérskeho rozhodovania. Dôležitosť a strategická nevyhnutnosť týchto aktivít v súčasnej dobe efektívneho riadenia tímov a podniku ako celku. 
610 2 0 |a vedenie ľudí 
610 2 0 |a vodcovstvo 
610 2 0 |a manažéri 
610 2 0 |a rozhodovanie 
610 2 0 |a rozhodovanie manažérske 
100 1 |a Procházková, Katarína, 1983- 
700 1 |a Remeňová, Katarína, 1982-